000 01119nam a2200313 c 4500
999 _c101985
_d101985
003 BLK
005 20230913005131.0
008 180409b bul|||||r ||||||| ||bul||
010 _aKNG00107043000
040 _aBLK
041 _aBUL
_cBUL
080 _aАнглийска литература
_b821.111
_x-93-31
_z821.111-93-31
100 1 _aГрийн, Роджър Ланслин
_eпърви автор
_9309014
139 _aГрийн, Роджър Ланслин
_bГ 82
245 1 0 _aРобин Худ
_bРоман
_cРоджър Ланслин Грийн; прев. от англ. Огняна Иванова; худож. Никифор Русков.
257 _aGBR
260 _bОтечество
_c1983
_aСофия
300 _a216 с.
_bс ил.
_c20 см
380 _aDX
700 _aИванова, Огняна Начева
_d1947-
_9369792
700 1 _aРусков, Никифор
_eхудож.
_9364263
852 _aЦб 121342
856 4 _qpdf
856 4 _qpdf
942 _cKNG
_n0
_s1
944 _aCR
_c15.07.2003
_k
_lCRON CRON
944 _aED
_c05.05.2010
999 _d101985